[Event "ROM-chT"]
[Site "Eforie Nord"]
[Date "2023.09.29"]
[Round "9.2"]
[White "Miron, Lucian Costin"]
[Black "Peng, Li Min"]
[Result "1/2-1/2"]
[WhiteElo "2483"]
[BlackElo "2553"]
[PlyCount "23"]
[EventDate "2023.09.21"]
[EventType "team-tourn"]
[EventRounds "9"]
[EventCountry "ROU"]
[SourceTitle "EXT 2024"]
[Source "ChessBase"]
[SourceDate "2023.10.10"]
[SourceVersion "1"]
[SourceVersionDate "2023.10.10"]
[SourceQuality "1"]
[WhiteTeam "Timisoara Vest Univ"]
[BlackTeam "Ineu"]
[WhiteTeamCountry "ROU"]
[BlackTeamCountry "ROU"]

1. d4 d5 2. c4 e6 3. Nc3 c6 4. Nf3 dxc4 5. e3 b5 6. a4 Bb4 7. Bd2 a5 8. axb5 Bxc3 9. Bxc3 cxb5 10. b3 Bb7 11. bxc4 b4 12. Bb2 1/2-1/2

[Event "ROM-chT"]
[Site "Eforie Nord"]
[Date "2023.09.24"]
[Round "4.2"]
[White "Bernadskiy, Vitaliy"]
[Black "Miron, Lucian Costin"]
[Result "1/2-1/2"]
[WhiteElo "2524"]
[BlackElo "2483"]
[PlyCount "174"]
[EventDate "2023.09.21"]
[EventType "team-tourn"]
[EventRounds "9"]
[EventCountry "ROU"]
[SourceTitle "EXT 2024"]
[Source "ChessBase"]
[SourceDate "2023.10.10"]
[SourceVersion "1"]
[SourceVersionDate "2023.10.10"]
[SourceQuality "1"]
[WhiteTeam "Timisoara Medicina"]
[BlackTeam "Timisoara Vest Univ"]
[WhiteTeamCountry "ROU"]
[BlackTeamCountry "ROU"]

1. c4 e6 2. g3 Nf6 3. Bg2 d5 4. Nf3 d4 5. 0-0 Nc6 6. d3 Bc5 7. Nbd2 Be7 8. Nb3 0-0 9. Bf4 Nd7 10. Bd2 Nc5 11. Ne1 e5 12. Nxc5 Bxc5 13. Nc2 a5 14. b3 Re8 15. a3 h5 16. b4 Bf8 17. Rb1 h4 18. Ne1 Qf6 19. bxa5 Nd8 20. Bb4 c6 21. Nf3 h3 22. Bh1 Bf5 23. Bxf8 Kxf8 24. Qd2 Kg8 25. Rb6 e4 26. dxe4 Bxe4 27. a6 Rxa6 28. Rxa6 bxa6 29. Qxd4 Qxd4 30. Nxd4 Bxh1 31. Kxh1 c5 32. Nb3 Rxe2 33. Nxc5 a5 34. Nd3 g5 35. f4 g4 36. Rf2 Re4 37. Kg1 Nc6 38. c5 f6 39. Rb2 Nd4 40. Kf2 Kf7 41. Rb7+ Ke6 42. Rb6+ Kd5 43. Rxf6 Re2+ 44. Kf1 Rc2 45. Ne5 Ke4 46. Ke1 Rxh2 47. c6 Rc2 48. Kd1 h2 49. Rh6 Nf5 50. Kxc2 Nxh6 51. c7 h1Q 52. c8Q Qg2+ 53. Kb1 Qxg3 54. Qc4+ Kf5 55. Nd3 Qg1+ 56. Kc2 Qh2+ 57. Kc3 g3 58. Qd5+ Kg4 59. Qg5+ Kf3 60. Qd5+ Kg4 61. Qxa5 Nf5 62. Qd8 Qh7 63. Qg5+ Kf3 64. Ne5+ Ke4 65. Ng4 Qg7+ 66. Nf6+ Kf3 67. Qxf5 g2 68. Qe4+ Kf2 69. Kd2 g1N 70. Qd4+ Kf1 71. Qc4+ Kg2 72. Qd5+ Nf3+ 73. Ke2 Qe7+ 74. Ne4 Qxa3 75. Qg8+ Kh1 76. Qh7+ Nh2 77. Nf2+ Kg2 78. Qg6+ Qg3 79. f5 Nf3 80. Qxg3+ Kxg3 81. Ke3 Nh4 82. f6 Ng6 83. f7 Nf8 84. Nd3 Kg4 85. Ke4 Kg5 86. Ne5 Kf6 87. Kd5 Ke7 1/2-1/2

[Event "ROM-ch"]
[Site "Sebes"]
[Date "2023.02.21"]
[Round "3"]
[White "Miron, Lucian Costin"]
[Black "Cnejev, Vladimir Alexandru"]
[Result "1/2-1/2"]
[WhiteElo "2502"]
[BlackElo "2268"]
[PlyCount "77"]
[EventDate "2023.02.19"]
[EventType "swiss"]
[EventRounds "9"]
[EventCountry "ROU"]
[SourceTitle "CBM 212 Extra"]
[Source "ChessBase"]
[SourceDate "2023.03.31"]
[SourceVersion "1"]
[SourceVersionDate "2023.03.31"]
[SourceQuality "1"]

1. d4 d5 2. c4 e6 3. Nc3 Nf6 4. Bg5 Be7 5. e3 h6 6. Bxf6 Bxf6 7. Nf3 0-0 8. Qd2 b6 9. 0-0-0 Bb7 10. cxd5 exd5 11. h4 g6 12. g4 Bg7 13. g5 h5 14. Ne5 c5 15. f4 Nc6 16. Kb1 Ne7 17. Bd3 Bc8 18. Ka1 a6 19. dxc5 Be6 20. Na4 bxc5 21. Nxc5 Qd6 22. Nxe6 Qxe6 23. Nf3 Rab8 24. Nd4 Qb6 25. f5 Nxf5 26. Bxf5 gxf5 27. Rhf1 Rfe8 28. Rb1 Bxd4 29. exd4 Re4 30. Rxf5 Rxd4 31. Qc3 Qb4 32. Qxb4 Rbxb4 33. a3 Rb7 34. Rg1 Kg7 35. Rg2 Rd7 36. g6 fxg6 37. Rxh5 Rd6 38. Ka2 a5 39. b3 1/2-1/2

[Event "ROM-chT Rapid"]
[Site "Sebes"]
[Date "2022.12.03"]
[Round "8.5"]
[White "Ardelean, George Catalin"]
[Black "Miron, Lucian Costin"]
[Result "1-0"]
[WhiteElo "2470"]
[BlackElo "2510"]
[PlyCount "71"]
[EventDate "2022.12.03"]
[EventType "team-swiss (rapid)"]
[EventRounds "8"]
[EventCountry "ROU"]
[SourceTitle "CBM 211 Extra"]
[Source "ChessBase"]
[SourceDate "2023.01.31"]
[SourceVersion "1"]
[SourceVersionDate "2023.01.31"]
[SourceQuality "1"]
[WhiteTeam "Arnia Chess"]
[BlackTeam "Timisoara Vest Univ"]
[WhiteTeamCountry "ROU"]
[BlackTeamCountry "ROU"]

1. d4 Nf6 2. Nf3 e6 3. Bf4 d5 4. e3 c5 5. c3 Nc6 6. Nbd2 Nh5 7. Bg5 f6 8. Bh4 g6 9. Bd3 Be7 10. 0-0 0-0 11. Re1 Kh8 12. dxc5 e5 13. e4 Nf4 14. Nb3 Nxd3 15. Qxd3 dxe4 16. Qxe4 Bf5 17. Qe3 Qc7 18. Bg3 a5 19. Nh4 Be6 20. Nxg6+ Kg8 21. Nxf8 Rxf8 22. Nd4 Bd7 23. Nb5 Qb8 24. f4 Re8 25. Rad1 Bg4 26. Rc1 e4 27. f5 Qc8 28. Bd6 Bxf5 29. Bxe7 Rxe7 30. Nd6 Qe6 31. Rf1 Bg6 32. Rf4 Kg7 33. Rcf1 Qxa2 34. Rxf6 Qxb2 35. Qg5 Re5 36. Rxg6+ 1-0

[Event "ROM-chT Rapid"]
[Site "Sebes"]
[Date "2022.12.03"]
[Round "4.1"]
[White "Miron, Lucian Costin"]
[Black "David, Alexandru Vasile"]
[Result "1/2-1/2"]
[WhiteElo "2510"]
[BlackElo "2404"]
[PlyCount "59"]
[EventDate "2022.12.03"]
[EventType "team-swiss (rapid)"]
[EventRounds "8"]
[EventCountry "ROU"]
[SourceTitle "CBM 211 Extra"]
[Source "ChessBase"]
[SourceDate "2023.01.31"]
[SourceVersion "1"]
[SourceVersionDate "2023.01.31"]
[SourceQuality "1"]
[WhiteTeam "Timisoara Vest Univ"]
[BlackTeam "Arad Vados"]
[WhiteTeamCountry "ROU"]
[BlackTeamCountry "ROU"]

1. Nf3 c5 2. g3 Nc6 3. Bg2 g6 4. c4 Bg7 5. 0-0 e6 6. Nc3 Nge7 7. b3 0-0 8. Bb2 b6 9. Na4 Bxb2 10. Nxb2 Bb7 11. d4 Nxd4 12. Nxd4 Bxg2 13. Kxg2 cxd4 14. Qxd4 Qc7 15. Rfd1 Rad8 16. Qd6 Qb7+ 17. Kg1 Nf5 18. Qf4 d6 19. Nd3 Ng7 20. Nb4 Qc7 21. Rd2 Qc5 22. Nd3 Qh5 23. Rad1 g5 24. Qf3 Qxf3 25. exf3 Rc8 26. Nb4 Ne8 27. Re1 Kg7 28. Nc2 Rc5 29. Kg2 h6 30. Nd4 1/2-1/2

[Event "Sebes Romanian Rapid op"]
[Site "Sebes"]
[Date "2022.12.02"]
[Round "2"]
[White "Dan, Cantemir Dorian"]
[Black "Miron, Lucian Costin"]
[Result "0-1"]
[WhiteElo "2036"]
[BlackElo "2510"]
[PlyCount "86"]
[EventDate "2022.12.02"]
[EventType "swiss (rapid)"]
[EventRounds "8"]
[EventCountry "ROU"]
[SourceTitle "CBM 211 Extra"]
[Source "ChessBase"]
[SourceDate "2023.01.31"]
[SourceVersion "1"]
[SourceVersionDate "2023.01.31"]
[SourceQuality "1"]

1. d4 Nf6 2. Nf3 e6 3. g3 b5 4. a4 b4 5. c4 bxc3 6. bxc3 Nc6 7. Bg2 Rb8 8. 0-0 Na5 9. Ba3 Bxa3 10. Nxa3 Ba6 11. Qc2 d5 12. Rfb1 Rb6 13. Ne5 0-0 14. e3 Nd7 15. Nd3 Qe7 16. Nb4 Bc4 17. Nxc4 Nxc4 18. a5 Rd6 19. Bf1 c5 20. Nd3 Rc6 21. Rb7 cxd4 22. exd4 Nd6 23. Rb3 g6 24. Rab1 Nc4 25. Qa2 Qd6 26. Qa4 Nd2 27. Nb4 Rcc8 28. Ba6 Rc7 29. R1b2 Nxb3 30. Rxb3 Nf6 31. f3 Rb8 32. Bb5 Rbc8 33. Ba6 Rf8 34. Bb5 e5 35. Na6 Re7 36. Nc5 exd4 37. cxd4 Rb8 38. Na6 Rc8 39. Nc5 Rxc5 40. dxc5 Qxc5+ 41. Kg2 Qc2+ 42. Kf1 Qxh2 43. Qf4 Nh5 0-1

[Event "Sebes Romanian Rapid op"]
[Site "Sebes"]
[Date "2022.12.02"]
[Round "4"]
[White "Stoleriu, George"]
[Black "Miron, Lucian Costin"]
[Result "0-1"]
[WhiteElo "2389"]
[BlackElo "2510"]
[PlyCount "110"]
[EventDate "2022.12.02"]
[EventType "swiss (rapid)"]
[EventRounds "8"]
[EventCountry "ROU"]
[SourceTitle "CBM 211 Extra"]
[Source "ChessBase"]
[SourceDate "2023.01.31"]
[SourceVersion "1"]
[SourceVersionDate "2023.01.31"]
[SourceQuality "1"]

1. e4 c5 2. Nc3 a6 3. f4 b5 4. Nf3 Bb7 5. d3 e6 6. g3 Nf6 7. Bg2 d5 8. e5 Ng8 9. d4 Nh6 10. Ne2 cxd4 11. Nexd4 Nc6 12. Nxc6 Bxc6 13. Nd4 Bd7 14. Be3 Rc8 15. 0-0 Bc5 16. Kh1 0-0 17. Qe2 f6 18. exf6 Qxf6 19. Rad1 Nf5 20. Nxf5 Qxf5 21. c3 a5 22. Bxc5 Rxc5 23. g4 Qf7 24. Qe3 Rfc8 25. f5 b4 26. cxb4 axb4 27. fxe6 Qxe6 28. Qd4 b3 29. axb3 h6 30. Rf5 Kh8 31. Rxd5 Rxd5 32. Qxd5 Qxd5 33. Bxd5 Bxg4 34. Rg1 h5 35. Re1 Rd8 36. Bc6 Rd2 37. b4 Rxb2 38. b5 Kh7 39. Kg1 Kh6 40. Re5 g6 41. Rc5 h4 42. Be4 Re2 43. Bd3 Rd2 44. Be4 Re2 45. Bd3 Rd2 46. Be4 Re2 47. Bc2 Bf3 48. Rc3 Bb7 49. h3 Kg5 50. Rc5+ Kf4 51. Bxg6 Rg2+ 52. Kf1 Rxg6 53. Rc4+ Kg3 54. Rc3+ Kh2 55. Rc7 Rb6 0-1

[Event "Braila GP RO Stage 5"]
[Site "Braila"]
[Date "2022.11.06"]
[Round "7"]
[White "Craciun, Sasha Matei"]
[Black "Miron, Lucian Costin"]
[Result "0-1"]
[WhiteElo "2001"]
[BlackElo "2510"]
[PlyCount "104"]
[EventDate "2022.11.05"]
[EventType "swiss (rapid)"]
[EventRounds "10"]
[EventCountry "ROU"]
[SourceTitle "EXT 2024"]
[Source "ChessBase"]
[SourceDate "2023.10.10"]
[SourceVersion "1"]
[SourceVersionDate "2023.10.10"]
[SourceQuality "1"]

1. e4 c5 2. Nf3 d6 3. d4 cxd4 4. Nxd4 Nf6 5. Nc3 a6 6. Bg5 e6 7. f4 h6 8. Bh4 Qb6 9. a3 Nbd7 10. Bf2 Qc7 11. Qf3 b5 12. 0-0-0 Rb8 13. Bg3 Bb7 14. Qe2 Nc5 15. e5 dxe5 16. fxe5 Nfe4 17. Nxe4 Nxe4 18. Qg4 h5 19. Qf4 g6 20. Kb1 Bh6 21. Qh4 Rd8 22. Be2 Bg5 23. Qh3 Qb6 24. Nf3 Rxd1+ 25. Rxd1 Be7 26. Nd2 Nxd2+ 27. Rxd2 Qe3 28. Be1 Qxe5 29. Qd3 Bf6 30. Qd7+ Kf8 31. c3 Bd5 32. Bg3 Qe3 33. Be1 Kg7 34. Qc7 Be5 35. Qe7 Qg1 36. Qh4 Bf6 37. Qf2 Qxf2 38. Bxf2 Rc8 39. g3 Bg5 40. Rd1 f5 41. Bd4+ Bf6 42. Bxf6+ Kxf6 43. a4 bxa4 44. Bxa6 Rb8 45. Rd4 Bb3 46. Kc1 Rb6 47. Bc4 e5 48. Rh4 e4 49. Bxb3 axb3 50. Rf4 Rd6 51. h4 Rd3 52. c4 Rd4 0-1

[Event "Braila GP RO Stage 5"]
[Site "Braila"]
[Date "2022.11.06"]
[Round "5"]
[White "Miron, Lucian Costin"]
[Black "Bernadskiy, Vitaliy"]
[Result "0-1"]
[WhiteElo "2510"]
[BlackElo "2615"]
[PlyCount "50"]
[EventDate "2022.11.05"]
[EventType "swiss (rapid)"]
[EventRounds "10"]
[EventCountry "ROU"]
[SourceTitle "EXT 2024"]
[Source "ChessBase"]
[SourceDate "2023.10.10"]
[SourceVersion "1"]
[SourceVersionDate "2023.10.10"]
[SourceQuality "1"]

1. d4 d5 2. c4 e6 3. Nc3 Nf6 4. Nf3 Nbd7 5. g3 Be7 6. Bg2 0-0 7. 0-0 c6 8. Qd3 b6 9. b3 a5 10. e4 Ba6 11. Rd1 b5 12. e5 bxc4 13. bxc4 Ne8 14. h4 Bxc4 15. Qc2 c5 16. Ng5 g6 17. Ne2 Ng7 18. Nf3 Rc8 19. Qd2 cxd4 20. Nexd4 Qc7 21. Qh6 Nxe5 22. Ng5 Bxg5 23. hxg5 Nd3 24. Be3 e5 25. Nb3 Nf5 0-1

[Event "Braila GP RO Stage 5"]
[Site "Braila"]
[Date "2022.11.06"]
[Round "10"]
[White "Miron, Lucian Costin"]
[Black "Kubicka, Anna"]
[Result "1-0"]
[WhiteElo "2510"]
[BlackElo "2262"]
[PlyCount "143"]
[EventDate "2022.11.05"]
[EventType "swiss (rapid)"]
[EventRounds "10"]
[EventCountry "ROU"]
[SourceTitle "EXT 2024"]
[Source "ChessBase"]
[SourceDate "2023.10.10"]
[SourceVersion "1"]
[SourceVersionDate "2023.10.10"]
[SourceQuality "1"]

1. d4 Nf6 2. Nf3 d5 3. c4 e6 4. Nc3 Bb4 5. a3 Bxc3+ 6. bxc3 0-0 7. e3 b6 8. Be2 dxc4 9. Bxc4 c5 10. 0-0 Qc7 11. Qe2 Bb7 12. Bb2 Nbd7 13. Rac1 Rac8 14. Rfd1 Rfd8 15. Ba2 c4 16. Nd2 Ne4 17. f3 Nxd2 18. Rxd2 b5 19. Bb1 Nb6 20. Qf2 Na4 21. Qh4 h6 22. Qg3 Qxg3 23. hxg3 Rd6 24. Ba1 e5 25. Kf2 a5 26. Rcd1 Rcd8 27. Bc2 Nb6 28. Rb1 Bc6 29. Re2 Re6 30. e4 Be8 31. d5 Re7 32. Bb2 f5 33. Bc1 fxe4 34. fxe4 Rd6 35. g4 Rf6+ 36. Kg1 Bd7 37. Be3 Ref7 38. g5 hxg5 39. Bxg5 Rg6 40. Be3 Bg4 41. Rf2 Rxf2 42. Kxf2 Bd7 43. Bc5 Rf6+ 44. Kg1 Rg6 45. Bf2 Nc8 46. Rf1 Nd6 47. Bc5 Nf7 48. Bd1 Bg4 49. Kh2 Bd7 50. Bf3 Ng5 51. Be3 Nxf3+ 52. gxf3 Kf7 53. Rb1 a4 54. Bf2 Ke7 55. Bc5+ Kd8 56. Rf1 Kc7 57. Bb4 Bc8 58. Bc5 Bd7 59. Bf2 Kd6 60. Bg3 Rf6 61. Kg2 Rh6 62. Rb1 Bh3+ 63. Kf2 Bd7 64. f4 Rf6 65. Ke3 exf4+ 66. Bxf4+ Kc5 67. Rg1 g6 68. Be5 Rf7 69. Rxg6 b4 70. Bd4+ Kb5 71. Rb6+ Ka5 72. cxb4# 1-0

[Event "Braila GP RO Stage 5"]
[Site "Braila"]
[Date "2022.11.06"]
[Round "9"]
[White "Sliwicka, Alicja"]
[Black "Miron, Lucian Costin"]
[Result "0-1"]
[WhiteElo "2250"]
[BlackElo "2510"]
[PlyCount "74"]
[EventDate "2022.11.05"]
[EventType "swiss (rapid)"]
[EventRounds "10"]
[EventCountry "ROU"]
[SourceTitle "EXT 2024"]
[Source "ChessBase"]
[SourceDate "2023.10.10"]
[SourceVersion "1"]
[SourceVersionDate "2023.10.10"]
[SourceQuality "1"]

1. e4 e5 2. Nf3 Nc6 3. Nc3 Nf6 4. a3 Nd4 5. Bc4 Nxf3+ 6. Qxf3 d6 7. h3 Be7 8. d3 0-0 9. Be3 c6 10. 0-0 Be6 11. Bxe6 fxe6 12. Qe2 d5 13. Bd2 Nd7 14. f4 exf4 15. Bxf4 Bf6 16. exd5 exd5 17. Kh1 Re8 18. Qh5 Nf8 19. Rae1 Qd7 20. Nd1 Ng6 21. Bg3 Rxe1 22. Rxe1 Re8 23. Re2 Rf8 24. Kh2 Bd8 25. Ne3 Bc7 26. Qg4 Qxg4 27. Nxg4 Bb6 28. c3 Rf1 29. d4 Rf8 30. Bd6 Rd8 31. Bg3 h5 32. Ne5 Re8 33. Rf2 Nxe5 34. Bxe5 Rxe5 35. Kg3 Re8 36. Kh4 g6 37. g4 Bd8+ 0-1

[Event "ROM-chT"]
[Site "Oradea"]
[Date "2022.09.25"]
[Round "5.4"]
[White "Miron, Lucian Costin"]
[Black "Miroshnichenko, Evgenij"]
[Result "1/2-1/2"]
[WhiteElo "2498"]
[BlackElo "2597"]
[PlyCount "21"]
[EventDate "2022.09.21"]
[EventType "team-tourn"]
[EventRounds "9"]
[EventCountry "ROU"]
[SourceTitle "EXT 2024"]
[Source "ChessBase"]
[SourceDate "2023.10.10"]
[SourceVersion "1"]
[SourceVersionDate "2023.10.10"]
[SourceQuality "1"]
[WhiteTeam "Timisoara Vest Univ"]
[BlackTeam "Iasi Politehnica"]
[WhiteTeamCountry "ROU"]
[BlackTeamCountry "ROU"]

1. e4 Nf6 2. e5 Nd5 3. d4 d6 4. Nf3 dxe5 5. Nxe5 c6 6. Be2 Bf5 7. 0-0 Nd7 8. Nf3 e6 9. c4 N5f6 10. Nh4 Bxb1 11. Rxb1 1/2-1/2

[Event "ROM-chT"]
[Site "Oradea"]
[Date "2022.09.23"]
[Round "3.3"]
[White "Miron, Lucian Costin"]
[Black "Cioara, Andrei Nestor"]
[Result "1-0"]
[WhiteElo "2498"]
[BlackElo "2407"]
[PlyCount "59"]
[EventDate "2022.09.21"]
[EventType "team-tourn"]
[EventRounds "9"]
[EventCountry "ROU"]
[SourceTitle "EXT 2024"]
[Source "ChessBase"]
[SourceDate "2023.10.10"]
[SourceVersion "1"]
[SourceVersionDate "2023.10.10"]
[SourceQuality "1"]
[WhiteTeam "Timisoara Vest Univ"]
[BlackTeam "Craiova Oltenia"]
[WhiteTeamCountry "ROU"]
[BlackTeamCountry "ROU"]

1. e4 d5 2. exd5 Qxd5 3. Nc3 Qd8 4. d4 c6 5. Bc4 Nf6 6. Nf3 Bf5 7. Ne5 e6 8. g4 Bg6 9. h4 Be4 10. Nxe4 Nxe4 11. c3 Nd6 12. Bd3 Nd7 13. h5 Qa5 14. Nxd7 Qd5 15. Kd2 Kxd7 16. Kc2 Rd8 17. Re1 Qa5 18. Re5 Qc7 19. Bf4 Kc8 20. Qf3 Be7 21. b4 Qd7 22. a4 f6 23. Re3 Rhe8 24. Bxh7 Kb8 25. Bg6 Rf8 26. Qe2 e5 27. dxe5 fxe5 28. Bxe5 Ka8 29. Bxg7 Rg8 30. Rxe7 1-0

[Event "ROM-chT"]
[Site "Oradea"]
[Date "2022.09.21"]
[Round "1.2"]
[White "Miron, Lucian Costin"]
[Black "Lupulescu, Constantin"]
[Result "1/2-1/2"]
[WhiteElo "2498"]
[BlackElo "2614"]
[PlyCount "61"]
[EventDate "2022.09.21"]
[EventType "team-tourn"]
[EventRounds "9"]
[EventCountry "ROU"]
[SourceTitle "EXT 2024"]
[Source "ChessBase"]
[SourceDate "2023.10.10"]
[SourceVersion "1"]
[SourceVersionDate "2023.10.10"]
[SourceQuality "1"]
[WhiteTeam "Timisoara Vest Univ"]
[BlackTeam "Superbet ASE"]
[WhiteTeamCountry "ROU"]
[BlackTeamCountry "ROU"]

1. e4 e6 2. d4 d5 3. Nd2 c5 4. Ngf3 cxd4 5. Nxd4 Nc6 6. Bb5 Bd7 7. Nxc6 bxc6 8. Bd3 Qc7 9. Qe2 Ne7 10. b3 Ng6 11. g3 Ne5 12. Bb2 Bd6 13. Ba6 f6 14. f4 Nf7 15. 0-0-0 0-0 16. Bd3 e5 17. f5 Qa5 18. Kb1 Ba3 19. g4 Qc5 20. h4 a5 21. Ba1 a4 22. g5 Bb4 23. Rhg1 Kh8 24. Qg2 Rg8 25. c3 Bxc3 26. Rc1 d4 27. Bc4 axb3 28. Bxb3 Qb4 29. Bxc3 dxc3 30. Nc4 c5 31. Qc2 1/2-1/2

[Event "Titled Tuesday intern op 06th Sep Early"]
[Site "Chess.com INT"]
[Date "2022.09.06"]
[Round "5"]
[White "Reprintsev, Alexander"]
[Black "Miron, Lucian Costin"]
[Result "1-0"]
[WhiteElo "2330"]
[BlackElo "2498"]
[PlyCount "83"]
[EventDate "2022.09.06"]
[EventType "swiss (blitz)"]
[EventRounds "11"]
[EventCountry "USA"]
[SourceTitle "EXT 2023"]
[Source "ChessBase"]
[SourceDate "2022.10.05"]
[SourceVersion "1"]
[SourceVersionDate "2022.10.05"]
[SourceQuality "1"]

1. e4 e5 2. Nf3 Nc6 3. Bc4 Nf6 4. Ng5 d5 5. exd5 b5 6. Bxb5 Qxd5 7. Bxc6+ Qxc6 8. Qf3 Bb7 9. Qxc6+ Bxc6 10. 0-0 e4 11. d3 exd3 12. Re1+ Be7 13. cxd3 h6 14. Ne4 Nd5 15. Nec3 Nb4 16. Na3 Nxd3 17. Re3 Nb4 18. Bd2 Rb8 19. Rae1 0-0 20. Rxe7 Rfd8 21. Bf4 Nd3 22. Bxc7 Nxe1 23. Rxe1 Re8 24. Rd1 Rxb2 25. Ba5 Rd2 26. Rf1 Rd3 27. Nc4 Rc8 28. Nb2 Rd4 29. Nbd1 Re8 30. Ne3 Rd3 31. Bb4 g6 32. Ncd1 Rb8 33. a3 Bb5 34. h3 a5 35. Bc5 Rc8 36. Bb6 Rxa3 37. Re1 a4 38. Nd5 Re8 39. Nf6+ Kf8 40. Nxe8 Bxe8 41. Bc5+ Kg7 42. Bxa3 1-0

[Event "Titled Tuesday intern op 30th Aug Early"]
[Site "Chess.com INT"]
[Date "2022.08.30"]
[Round "8"]
[White "Baraeva, Marina"]
[Black "Miron, Lucian Costin"]
[Result "0-1"]
[WhiteElo "2227"]
[BlackElo "2498"]
[PlyCount "72"]
[EventDate "2022.08.30"]
[EventType "swiss (blitz)"]
[EventRounds "11"]
[EventCountry "USA"]
[SourceTitle "EXT 2023"]
[Source "ChessBase"]
[SourceDate "2022.10.05"]
[SourceVersion "1"]
[SourceVersionDate "2022.10.05"]
[SourceQuality "1"]

1. d4 d5 2. Nf3 Nf6 3. c4 c6 4. Nc3 dxc4 5. a4 Bf5 6. e3 e6 7. Bxc4 Bb4 8. 0-0 Nbd7 9. Qe2 Bg4 10. h3 Bh5 11. e4 0-0 12. Bg5 Be7 13. e5 Nd5 14. Bxe7 Qxe7 15. Ne4 c5 16. Nxc5 Nxc5 17. dxc5 Qxc5 18. Rac1 Rac8 19. Qe4 Bg6 20. Qh4 Nb6 21. Bb5 Qxc1 22. Rxc1 Rxc1+ 23. Kh2 h6 24. Nd4 a6 25. Be2 Nd5 26. Bf3 Rc4 27. Bxd5 exd5 28. Qf4 Rxa4 29. Qe3 Re8 30. f4 Be4 31. f5 Rxe5 32. Qc3 Rc4 33. Qd2 f6 34. b3 Rc8 35. g4 Re7 36. Ne6 Rc2 0-1

[Event "Titled Tuesday intern op 30th Aug Early"]
[Site "Chess.com INT"]
[Date "2022.08.30"]
[Round "11"]
[White "Miron, Lucian Costin"]
[Black "Arencibia Monduy, Antonio"]
[Result "1-0"]
[WhiteElo "2498"]
[BlackElo "2100"]
[PlyCount "79"]
[EventDate "2022.08.30"]
[EventType "swiss (blitz)"]
[EventRounds "11"]
[EventCountry "USA"]
[SourceTitle "EXT 2023"]
[Source "ChessBase"]
[SourceDate "2022.10.05"]
[SourceVersion "1"]
[SourceVersionDate "2022.10.05"]
[SourceQuality "1"]

1. d4 Nf6 2. c4 e6 3. Nc3 d5 4. cxd5 exd5 5. Bg5 Be7 6. e3 c6 7. Bd3 h6 8. Bh4 0-0 9. Nge2 Re8 10. Qc2 Nbd7 11. 0-0 Nf8 12. f3 c5 13. Rad1 c4 14. Bf5 Bxf5 15. Qxf5 Ng6 16. Bxf6 Bxf6 17. Nxd5 Re6 18. e4 Ne7 19. Nxf6+ Rxf6 20. Qc5 Rc8 21. Qb4 Rb6 22. Qc3 Qd7 23. d5 Qa4 24. a3 Rb3 25. Qc2 Ng6 26. Nd4 b5 27. Nxb3 Qxb3 28. Qxb3 cxb3 29. Rc1 Rd8 30. Rc7 f5 31. Rfc1 fxe4 32. fxe4 Kh7 33. Rxa7 Re8 34. Rcc7 Nf4 35. Rxg7+ Kh8 36. Rh7+ Kg8 37. Rag7+ Kf8 38. Rh8+ Kxg7 39. Rxe8 Nd3 40. d6 1-0

[Event "Targu Mures op-A"]
[Site "Targu Mures"]
[Date "2022.06.11"]
[Round "9"]
[White "Bulmaga, Irina"]
[Black "Miron, Lucian Costin"]
[Result "1/2-1/2"]
[WhiteElo "2396"]
[BlackElo "2510"]
[PlyCount "54"]
[EventDate "2022.06.04"]
[EventType "swiss"]
[EventRounds "9"]
[EventCountry "ROU"]
[SourceTitle "CBM 208 Extra"]
[Source "ChessBase"]
[SourceDate "2022.07.31"]
[SourceVersion "1"]
[SourceVersionDate "2022.07.31"]
[SourceQuality "1"]

1. e4 c5 2. c3 d5 3. exd5 Nf6 4. d4 Nxd5 5. Nf3 cxd4 6. Bb5+ Bd7 7. Bxd7+ Qxd7 8. Nxd4 g6 9. 0-0 Bg7 10. Na3 0-0 11. Nac2 Nc6 12. Nxc6 Qxc6 13. Qf3 Rfd8 14. Ne3 a5 15. Nxd5 Rxd5 16. a4 Rad8 17. Be3 Qc4 18. h3 h6 19. Rfd1 Qb3 20. Rxd5 Rxd5 21. Qe2 e6 22. Kh2 Bf8 23. Bd4 Bd6+ 24. g3 e5 25. Be3 Bf8 26. h4 h5 27. Kg2 Be7 1/2-1/2

[Event "Targu Mures op-A"]
[Site "Targu Mures"]
[Date "2022.06.06"]
[Round "4"]
[White "Miron, Lucian Costin"]
[Black "Sandu, Mihaela"]
[Result "0-1"]
[WhiteElo "2510"]
[BlackElo "2270"]
[PlyCount "114"]
[EventDate "2022.06.04"]
[EventType "swiss"]
[EventRounds "9"]
[EventCountry "ROU"]
[SourceTitle "CBM 208 Extra"]
[Source "ChessBase"]
[SourceDate "2022.07.31"]
[SourceVersion "1"]
[SourceVersionDate "2022.07.31"]
[SourceQuality "1"]

1. d4 Nf6 2. c4 e6 3. Nf3 d5 4. Nc3 Bb4 5. Qa4+ Nc6 6. e3 0-0 7. Bd2 Re8 8. a3 Bf8 9. Be2 Ne4 10. Qc2 Nxd2 11. Nxd2 Ne7 12. 0-0 c6 13. Rfd1 Nf5 14. Nf3 g6 15. e4 dxe4 16. Qxe4 Bg7 17. c5 Qc7 18. b4 b6 19. Rac1 Bb7 20. g4 Ne7 21. Ne5 bxc5 22. bxc5 Nd5 23. Nc4 Red8 24. Nd6 Bf8 25. Na4 Bxd6 26. cxd6 Qxd6 27. Nc5 Rab8 28. Bc4 Bc8 29. Qf3 Kg7 30. h4 h6 31. Ne4 Qf4 32. Qxf4 Nxf4 33. g5 Rb2 34. Bf1 Ra2 35. Rb1 Rxa3 36. Rb8 hxg5 37. hxg5 e5 38. Rc1 Ra4 39. Rxc6 Raxd4 40. Nf6 Be6 41. Rxd8 Rxd8 42. Rc5 Rd1 43. Rxe5 Nh3+ 44. Kg2 Nxg5 45. Nh5+ Kh6 46. Nf4 Bf5 47. Be2 Rd4 48. Kg3 Ne6 49. Nxe6 Bxe6 50. Ra5 Rd2 51. Re5 a5 52. f4 a4 53. Bg4 Rd3+ 54. Kh4 Bxg4 55. Kxg4 f5+ 56. Kh4 Rf3 57. Rxf5 Rh3+ 0-1

[Event "Targu Mures op-A"]
[Site "Targu Mures"]
[Date "2022.06.04"]
[Round "1"]
[White "Cnejev, Vladimir Alexandru"]
[Black "Miron, Lucian Costin"]
[Result "1/2-1/2"]
[WhiteElo "2223"]
[BlackElo "2510"]
[PlyCount "121"]
[EventDate "2022.06.04"]
[EventType "swiss"]
[EventRounds "9"]
[EventCountry "ROU"]
[SourceTitle "CBM 208 Extra"]
[Source "ChessBase"]
[SourceDate "2022.07.31"]
[SourceVersion "1"]
[SourceVersionDate "2022.07.31"]
[SourceQuality "1"]

1. e4 c5 2. Nf3 d6 3. Bb5+ Bd7 4. Bxd7+ Nxd7 5. 0-0 Ngf6 6. Re1 e6 7. c3 Be7 8. d4 0-0 9. Bg5 h6 10. Bh4 Rc8 11. Nbd2 cxd4 12. cxd4 Nb6 13. e5 dxe5 14. dxe5 Nfd7 15. Bxe7 Qxe7 16. Ne4 Rfd8 17. Qd6 Kf8 18. b3 a6 19. Kf1 Qxd6 20. Nxd6 Rb8 21. Ne4 Ke7 22. Rac1 Rdc8 23. g3 Nd5 24. Nd6 Rc3 25. Rxc3 Nxc3 26. Rc1 Nxa2 27. Rc7 Nb4 28. Nd4 Nd5 29. Rxb7 Rxb7 30. Nc6+ Kf8 31. Nxb7 Ne7 32. Nxe7 Kxe7 33. f4 f6 34. exf6+ Kxf6 35. Ke2 e5 36. fxe5+ Kxe5 37. Ke3 Kd5 38. h3 Kc6 39. Nd8+ Kd5 40. Nb7 g6 41. h4 Nf6 42. Nd8 Ne4 43. Nf7 h5 44. Nh8 Nxg3 45. Nxg6 Kc5 46. Kd3 Kb4 47. Kc2 Ne2 48. Kb2 a5 49. Ne5 Nf4 50. Kc2 Ng2 51. Nd3+ Kb5 52. Kc3 Kb6 53. Kc4 Kc6 54. b4 Ne3+ 55. Kb3 axb4 56. Nf4 Kb5 57. Nxh5 Nf5 58. Nf4 Nd4+ 59. Kb2 Kc4 60. h5 Nf5 61. Nd3 1/2-1/2